Business engineering with object technology

Uloženo v:
Podrobná bibliografie
Hlavní autor: Taylor, David A (Autor)
Médium: Kniha
Jazyk:angličtina
Vydáno: Nueva York John Wiley & Sons 1995
Edice:Object Orientation/Management
Témata:
Tagy: Přidat tag
Žádné tagy, Buďte první, kdo vytvoří štítek k tomuto záznamu!

MARC

LEADER 00000nam a2200000 a 4500
001 UCK5714
003 CL-VaPUC
008 050819e19950000US |||||||||||||||||eng|d
020 |a 0471045217 
082 0 4 |a 658.4038  |b TAY  |2 21 
100 0 |a Taylor, David A  |e author  |9 494646 
245 1 0 |a Business engineering with object technology 
300 |a 188 p 
942 |c BK 
945 |d 20050819 00:00:00  |a jcarroza 
260 |a Nueva York  |b John Wiley & Sons  |c 1995 
650 7 |a INGENIERIA DE GESTION  |2 CL-VaPUC  |9 351552 
650 0 |a Planificación estratégica   |9 259735 
650 7 |a SISTEMAS ORIENTADOS A OBJETOS  |2 CL-VaPUC  |9 419149 
650 0 |a Proceso de datos   |9 259776 
583 |a last modification  |c 20050819 00:00:00  |k Rodrigo Vera 
490 0 |a Object Orientation/Management 
999 |c 314209  |d 314207 
952 |0 0  |1 0  |4 0  |6 658_403800000000000_TAY_1995  |7 0  |8 A  |9 386223  |a BIBING  |b BIBING  |d 2019-11-22  |i 4155807  |o 658.4038 TAY 1995  |p 4155807  |r 2025-01-20  |w 2019-11-22  |y BK  |k EII